| 000 | 15355cam a2202809 a 4500 | ||
|---|---|---|---|
| 999 | _c57410 | ||
| 001 | 9584369 | ||
| 003 | LIBRIS | ||
| 005 | 20210412132210.0 | ||
| 008 | 040802s2003 sw ||||j||||||000 1|swe| | ||
| 020 |
_a9129657512 _qinb. |
||
| 020 |
_a9789129657517 _qinb. _q3. tr. |
||
| 035 | _a(Mo)b1525754 | ||
| 040 |
_aNB _ea |
||
| 041 | _aswe | ||
| 082 | 0 | 4 |
_a839.7374 _223/swe |
| 084 |
_aHcf _2kssb/8 |
||
| 084 |
_aHc,u _2kssb/7 |
||
| 084 |
_aHcf _2kssb/8 |
||
| 084 |
_aHcf _2kssb/7 |
||
| 100 | 1 |
_aLindgren, Astrid, _d1907-2002 _4aut _0https://libris.kb.se/fcrtpljz1qp2bdv#it |
|
| 245 | 1 | 0 |
_aRonja rövardotter / _cAstrid Lindgren ; illustrationer av Ilon Wikland. |
| 250 | _a4. uppl. | ||
| 264 | 1 |
_aStockholm : _bRabén & Sjögren, _c2003 |
|
| 264 | 3 |
_aVärnamo : _bFälth & Hässler |
|
| 300 |
_a240, [2] s. _bill. _c22 cm |
||
| 490 | 1 | _aAstrid Lindgrens samlingsbibliotek | |
| 500 | _aOriginalupplaga 1981 | ||
| 500 | _a2. tr., 2006 ; 3. tr., 2007, 5. tr., 2009 | ||
| 500 |
_5Li _aPliktex. |
||
| 500 |
_5Mo _aOriginalupplaga 1981. Första upplaga i denna version 2003 |
||
| 500 |
_5Mo _asvenska |
||
| 500 |
_5Q _aI Umeå UB även 4. tr., 2008 |
||
| 500 |
_5S _aTryckningar finns |
||
| 650 | 7 |
_aRövare _0https://id.kb.se/term/barn/R%C3%B6vare _2barn |
|
| 650 | 7 |
_aFar och dotter _0https://id.kb.se/term/barn/Far%20och%20dotter _2barn |
|
| 650 | 7 |
_aVänskap _0https://id.kb.se/term/barn/V%C3%A4nskap _2barn |
|
| 650 | 7 |
_aFrigörelse _0https://id.kb.se/term/barn/Frig%C3%B6relse _2barn |
|
| 650 | 7 |
_aFamiljen _0https://id.kb.se/term/barn/Familjen _2barn |
|
| 653 | _aRövare | ||
| 653 | _aVänskap | ||
| 653 | _aSkönlitteratur | ||
| 655 | 7 |
_aKapitelböcker _0https://id.kb.se/term/barngf/Kapitelb%C3%B6cker _2barngf |
|
| 655 | 4 |
_5Mo _aBok |
|
| 700 | 1 |
_aWikland, Ilon, _d1930- _4ill _0https://libris.kb.se/1zcfbbsk25mq52w#it |
|
| 775 | 0 |
_tRonja rövardotter _d1981 _z91-29-54877-2 _w7234965 |
|
| 800 | 1 |
_aLindgren, Astrid, _d1907-2002. _tAstrid Lindgrens samlingsbibliotek |
|
| 887 |
_a{"@id":"m4xwfx7z0d4k3fz","modified":"2017-12-21T11:29:43+01:00","checksum":"331504562076"} _2librisxl |
||
| 887 |
_a{"@id":"9fm6n9kg2qvrl1p","modified":"2015-01-19T18:07:30+01:00","checksum":"151742498053"} _2librisxl |
||
| 887 |
_a{"@id":"tz51pnn00bn1jv5","modified":"2011-01-05T12:11:14+01:00","checksum":"143251215544"} _2librisxl |
||
| 887 |
_a{"@id":"6bkpw34c53jsbn0","modified":"2017-01-03T12:03:21+01:00","checksum":"154484680768"} _2librisxl |
||
| 887 |
_a{"@id":"pt25g9jv2vwmtng","modified":"2016-11-26T08:16:16+01:00","checksum":"129632510178"} _2librisxl |
||
| 887 |
_a{"@id":"w18qjn623q9dm4x","modified":"2018-05-15T12:12:55+02:00","checksum":"125598730635"} _2librisxl |
||
| 887 |
_a{"@id":"48gfjwt90l1jz96","modified":"2015-12-28T14:14:50+01:00","checksum":"142334208000"} _2librisxl |
||
| 887 |
_a{"@id":"lqz91djr01z9t50","modified":"2017-11-03T10:12:58+01:00","checksum":"67640584594"} _2librisxl |
||
| 887 |
_a{"@id":"7cjbj4cd1q7lm05","modified":"2017-02-08T09:15:26+01:00","checksum":"84821127910"} _2librisxl |
||
| 887 |
_a{"@id":"v7l06442sjbtbmdh","modified":"2021-02-24T11:16:39.269+01:00","checksum":"132374759858"} _2librisxl |
||
| 887 |
_a{"@id":"8dm0nj7f5blg7m9","modified":"2017-12-21T11:29:48+01:00","checksum":"155734717537"} _2librisxl |
||
| 887 |
_a{"@id":"9n1430nm7t2hvbgx","modified":"2021-03-02T12:16:33.072+01:00","checksum":"159502119016"} _2librisxl |
||
| 887 |
_a{"@id":"8mmv9mbr6pqp75f2","modified":"2020-11-27T12:16:25.122+01:00","checksum":"146194487329"} _2librisxl |
||
| 887 |
_a{"@id":"chqzz0xj15zzbqr","modified":"2021-01-22T12:47:20.621+01:00","checksum":"80998176653"} _2librisxl |
||
| 887 |
_a{"@id":"4dnvn1xm2dtk9g7t","modified":"2018-12-12T14:16:26.919+01:00","checksum":"155549324231"} _2librisxl |
||
| 887 |
_a{"@id":"6ghc5dl94fdxhxhk","modified":"2018-10-09T15:02:18.765+02:00","checksum":"152179437264"} _2librisxl |
||
| 887 |
_a{"@id":"chnfgm4j5cq06mh","modified":"2004-08-02T15:16:06+02:00","checksum":"174215963098"} _2librisxl |
||
| 887 |
_a{"@id":"tz5d4v1009xl1ms","modified":"2014-12-09T09:40:14+01:00","checksum":"62334291710"} _2librisxl |
||
| 887 |
_a{"@id":"tz69cts03g25707","modified":"2016-11-11T16:08:42+01:00","checksum":"127718609955"} _2librisxl |
||
| 887 |
_a{"@id":"pt175n5v1kk66rf","modified":"2011-01-24T16:11:22+01:00","checksum":"140461837040"} _2librisxl |
||
| 887 |
_a{"@id":"fks1wzdl28lphhz","modified":"2017-04-21T08:02:52+02:00","checksum":"133828254038"} _2librisxl |
||
| 887 |
_a{"@id":"37ff02d83l9ddsb","modified":"2016-01-12T18:28:18+01:00","checksum":"140637417555"} _2librisxl |
||
| 887 |
_a{"@id":"7hxb10hm5r40bdlv","modified":"2019-01-18T12:17:24.431+01:00","checksum":"154433559350"} _2librisxl |
||
| 887 |
_a{"@id":"pt0rsxqv0wz2lr3","modified":"2004-08-02T11:43:18+02:00","checksum":"61004036764"} _2librisxl |
||
| 887 |
_a{"@id":"sx4xhqdz1m98ttb","modified":"2016-03-02T08:41:59+01:00","checksum":"129760590793"} _2librisxl |
||
| 887 |
_a{"@id":"rw4bnbrx0n7p77l","modified":"2017-04-11T14:31:57+02:00","checksum":"132941114239"} _2librisxl |
||
| 887 |
_a{"@id":"cnj2s1sm9zqpbl50","modified":"2019-05-21T15:17:37.816+02:00","checksum":"131309453822"} _2librisxl |
||
| 887 |
_a{"@id":"q1860r1nn6q8wsh1","modified":"2019-08-20T10:16:30.934+02:00","checksum":"133861513089"} _2librisxl |
||
| 887 |
_a{"@id":"bgmdfnzh2dlknhx","modified":"2008-10-10T08:13:34+02:00","checksum":"166590745973"} _2librisxl |
||
| 887 |
_a{"@id":"rw2tv0sx4r286ws","modified":"2008-11-21T09:34:40+01:00","checksum":"70550077334"} _2librisxl |
||
| 887 |
_a{"@id":"nszqrwpt42kdtff","modified":"2004-08-02T11:43:11+02:00","checksum":"68187632502"} _2librisxl |
||
| 887 |
_a{"@id":"chnfggzj59xcx2m","modified":"2004-08-16T14:54:44+02:00","checksum":"86728812653"} _2librisxl |
||
| 887 |
_a{"@id":"6hcr19qk408cjg58","modified":"2019-05-20T14:56:52.42+02:00","checksum":"151677434315"} _2librisxl |
||
| 887 |
_a{"@id":"fp53rn3xc0lm9s1x","modified":"2019-01-31T14:16:23.329+01:00","checksum":"139812888758"} _2librisxl |
||
| 887 |
_a{"@id":"26dtcx17288w8bm","modified":"2015-03-21T19:38:22+01:00","checksum":"144361984294"} _2librisxl |
||
| 887 |
_a{"@id":"z8t9cf7lwjl3sjnb","modified":"2019-11-11T16:16:21.663+01:00","checksum":"128761579683"} _2librisxl |
||
| 887 |
_a{"@id":"26c59gq73q7r88c","modified":"2004-09-23T17:17:59+02:00","checksum":"103068211682"} _2librisxl |
||
| 887 |
_a{"@id":"fkr1hz6l5t8ndn1","modified":"2011-07-20T15:23:41+02:00","checksum":"70102273058"} _2librisxl |
||
| 887 |
_a{"@id":"gltn0zfm33vbs3z","modified":"2015-12-07T16:13:20+01:00","checksum":"147485220149"} _2librisxl |
||
| 887 |
_a{"@id":"pxjmbx6vmmtp8nc1","modified":"2018-06-11T17:17:48.539+02:00","checksum":"133122697198"} _2librisxl |
||
| 887 |
_a{"@id":"kpx665kq1kc1l4g","modified":"2017-11-06T15:15:16+01:00","checksum":"155193071286"} _2librisxl |
||
| 900 | 0 | s |
_6100,800 _uLindgren, Astrid, _d1907-2002 |
| 900 | 0 | s |
_6100,800 _d1907-2002 _uLindgren, Astrid, _d1907-2002 |
| 900 | 1 | s |
_6100,800 _d1907-2002 _uLindgren, Astrid, _d1907-2002 |
| 900 | 1 | s |
_6100,800 _d1907-2002 _uLindgren, Astrid, _d1907-2002 |
| 900 | 1 | s |
_6100,800 _d1907-2002 _uLindgren, Astrid, _d1907-2002 |
| 900 | 1 | s |
_6100,800 _d1907-2002 _uLindgren, Astrid, _d1907-2002 |
| 900 | 1 | s |
_6100,800 _d1907-2002 _uLindgren, Astrid, _d1907-2002 |
| 900 | 1 | s |
_6100,800 _d1907-2002 _uLindgren, Astrid, _d1907-2002 |
| 900 | 1 | s |
_6100,800 _d1907-2002 _uLindgren, Astrid, _d1907-2002 |
| 900 | 1 | s |
_6100,800 _d1907-2002 _uLindgren, Astrid, _d1907-2002 |
| 900 | 1 | s |
_6100,800 _d1907-2002 _uLindgren, Astrid, _d1907-2002 |
| 900 | 1 | s |
_6100,800 _d1907-2002 _uLindgren, Astrid, _d1907-2002 |
| 900 | 1 | s |
_6100,800 _d1907-2002 _uLindgren, Astrid, _d1907-2002 |
| 900 | 1 | s |
_6100,800 _d1907-2002 _uLindgren, Astrid, _d1907-2002 |
| 900 | 1 | s |
_6100,800 _d1907-2002 _uLindgren, Astrid, _d1907-2002 |
| 900 | 1 | s |
_6100,800 _d1907-2002 _uLindgren, Astrid, _d1907-2002 |
| 900 | 1 | s |
_6100,800 _d1907-2002 _uLindgren, Astrid, _d1907-2002 |
| 900 | 1 | s |
_6100,800 _d1907-2002 _uLindgren, Astrid, _d1907-2002 |
| 900 | 1 | s |
_6100,800 _d1907-2002 _uLindgren, Astrid, _d1907-2002 |
| 900 | 1 | s |
_6100,800 _d1907-2002 _uLindgren, Astrid, _d1907-2002 |
| 900 | 1 | s |
_6100,800 _d1907-2002 _uLindgren, Astrid, _d1907-2002 |
| 900 | 1 | s |
_6100,800 _d1907-2002 _uLindgren, Astrid, _d1907-2002 |
| 900 | 1 | s |
_6100,800 _d1907-2002 _uLindgren, Astrid, _d1907-2002 |
| 900 | 1 | s |
_6100,800 _d1907-2002 _uLindgren, Astrid, _d1907-2002 |
| 900 | 1 | s |
_6100,800 _d1907-2002 _uLindgren, Astrid, _d1907-2002 |
| 900 | 1 | s |
_6100,800 _d1907-2002 _uLindgren, Astrid, _d1907-2002 |
| 900 | 1 | s |
_6100,800 _d1907-2002 _uLindgren, Astrid, _d1907-2002 |
| 900 | 1 | s |
_6100,800 _d1907-2002 _uLindgren, Astrid, _d1907-2002 |
| 900 | 1 | s |
_6100,800 _d1907-2002 _uLindgren, Astrid, _d1907-2002 |
| 900 | 1 | s |
_6100,800 _d1907-2002 _uLindgren, Astrid, _d1907-2002 |
| 900 | 1 | s |
_6100,800 _d1907-2002 _uLindgren, Astrid, _d1907-2002 |
| 900 | 1 | s |
_6100,800 _d1907-2002 _uLindgren, Astrid, _d1907-2002 |
| 900 | 1 | s |
_6100,800 _d1907-2002 _uLindgren, Astrid, _d1907-2002 |
| 900 | 1 | s |
_6100,800 _d1907-2002 _uLindgren, Astrid, _d1907-2002 |
| 900 | 1 | s |
_6100,800 _d1907-2002 _uLindgren, Astrid, _d1907-2002 |
| 900 | 1 | s |
_6100,800 _d1907-2002 _uLindgren, Astrid, _d1907-2002 |
| 900 | 1 | s |
_6100,800 _d1907-2002 _uLindgren, Astrid, _d1907-2002 |
| 900 | 1 | s |
_6100,800 _d1907-2002 _uLindgren, Astrid, _d1907-2002 |
| 900 | 1 | s |
_6100,800 _d1907-2002 _uLindgren, Astrid, _d1907-2002 |
| 900 | 1 | s |
_6100,800 _d1907-2002 _uLindgren, Astrid, _d1907-2002 |
| 900 | 1 | s |
_6700 _d1930- _uWikland, Ilon, _d1930- |
| 900 | 1 | s |
_6700 _d1930- _uWikland, Ilon, _d1930- |
| 900 | 1 | s |
_6700 _d1930- _uWikland, Ilon, _d1930- |
| 900 | 1 | s |
_6700 _d1930- _uWikland, Ilon, _d1930- |
| 900 | 1 | s |
_6700 _d1930- _uWikland, Ilon, _d1930- |
| 900 | 1 | s |
_6700 _d1930- _uWikland, Ilon, _d1930- |
| 900 | 1 | s |
_6700 _d1930- _uWikland, Ilon, _d1930- |
| 900 | 1 | s |
_6700 _d1930- _uWikland, Ilon, _d1930- |
| 900 | 1 | s |
_6700 _d1930- _uWikland, Ilon, _d1930- |
| 900 | 1 | s |
_6700 _d1930- _uWikland, Ilon, _d1930- |
| 900 | 1 | s |
_6700 _d1930- _uWikland, Ilon, _d1930- |
| 900 | 1 | s |
_6700 _d1930- _uWikland, Ilon, _d1930- |
| 900 | 1 | s |
_6700 _d1930- _uWikland, Ilon, _d1930- |
| 900 | 1 | s |
_6700 _d1930- _uWikland, Ilon, _d1930- |
| 900 | 1 | s |
_6700 _d1930- _uWikland, Ilon, _d1930- |
| 900 | 1 | s |
_6700 _d1930- _uWikland, Ilon, _d1930- |
| 900 | 1 | s |
_6700 _d1930- _uWikland, Ilon, _d1930- |
| 900 | 1 | s |
_6700 _d1930- _uWikland, Ilon, _d1930- |
| 900 | 1 | s |
_6700 _d1930- _uWikland, Ilon, _d1930- |
| 900 | 1 | s |
_6700 _d1930- _uWikland, Ilon, _d1930- |
| 900 | 1 | s |
_6700 _d1930- _uWikland, Ilon, _d1930- |
| 900 | 1 | s |
_6700 _d1930- _uWikland, Ilon, _d1930- |
| 900 | 1 | s |
_6700 _d1930- _uWikland, Ilon, _d1930- |
| 900 | 1 | s |
_6700 _d1930- _uWikland, Ilon, _d1930- |
| 942 |
_2z _cBOOK |
||